Marketing territorial aplicado al mercado de consumo en la ciudad de Santa Fé (Argentina). (Registro nro. 17625)

Detalles MARC
000 -LEADER
fixed length control field 00429 a2200121 4500
001 - CONTROL NUMBER
control field ART_2687
005 - DATE AND TIME OF LATEST TRANSACTION
control field 20260410161728.0
008 - FIXED-LENGTH DATA ELEMENTS--GENERAL INFORMATION
fixed length control field 260409a
100 1# - MAIN ENTRY--PERSONAL NAME
Personal name Kosiak de Gesualdo, Graciela
245 10 - TITLE STATEMENT
Title Marketing territorial aplicado al mercado de consumo en la ciudad de Santa Fé (Argentina).
700 1# - ADDED ENTRY--PERSONAL NAME
Personal name Modesto, María Florencia
773 0# - HOST ITEM ENTRY
Title Ciencias económicas
Related parts - Año 7, Vol. 2 (jun. 2010)
Record control number REV2567

No hay ítems disponibles.